000 00830nam a22002771i 4500
001 21167
003 CZ PrNK
005 20260223141956.0
007 ta
008 990725s1961 xo 000 | slo
020 _q(Vázáno) :
_cKčs 20,60
040 _aABA001
_bcze
_cABA001
_dABA001
_erda
100 1 _aKukučín, Martin,
_d1860-1928
_4aut
245 1 0 _aDielo.
_nIX,
_pDom v stráni : povesť /
_cMartin Kukučín
246 3 0 _aDom v stráni
250 _aVydanie ôsme
264 1 _aBratislava :
_bSlovenské vydavateľstvo krásnej literatúry,
_c1961
300 _a365 s. ;
_c21 cm
336 _atext
_btxt
_2rdacontent
337 _abez média
_bn
_2rdamedia
338 _asvazek
_bnc
_2rdacarrier
490 1 _aNaši klasici ;
_vzväzok 64
830 0 _aNaši klasici (SVKL)
910 _aABA001
942 _2ddc
_cKLDO
_n0
999 _c21167
_d21167